000 01825nkc a2200301za 4500
001 84583
003 OSt
005 20260423103908.0
007 kh boc
008 250410s1909 sp ||||| ||||||0| i|spa d
040 _cM-RABA
_aM-RABA
_bspa
245 0 0 _aMinerva acompañada de la Prudencia encamina a la Juventud al templo de la inmortalidad
_h[Material gráfico]
_c/ Francisco Sanchiz
246 _aAlegoría de Minerva acompañada de la Prudencia encaminando a la juventud al templo de la inmortalidad
260 _c[ca. 1874 - 1890]
300 _a1 fotografía
_b: gelatina de plata
_c; imagen 13,5 x 19,5 cm
_c; soporte secundario 24 x 30 cm
500 _aFotografía del relieve "Alegoría de Minerva acompañada de la Prudencia encaminando a la juventud al templo de la inmortalidad" de Francisco Sanchiz. Se conserva en el Museo de la Real Academia de Bellas Artes de San Fernando con nº de inventario E-136
500 _aMontada sobre un soporte secundario de cartón, con texto manuscrito a lápiz en la parte inferior: "Francisco Sanchiz-Académico de mérito en 1779. Minerva acompañada de la prudencia encamina a la Juventud al templo de la inmortalidad"
500 _aFecha probable de la realización de la fotografía realizada por Hauser y Menet.
544 _aArchivo de la Real Academia de Bellas Artes de San Fernando (Le-4-29-1)
600 1 0 _aSanchiz, Francisco
_9111690
610 2 4 _aReal Academia de Bellas Artes de San Fernando.
_975832
651 7 _aMadrid
_2embne
_975182
655 7 _aFotografías de obras de arte
_975675
710 2 _aHauser y Menet (Madrid)
_950978
852 _jFot-609
856 _3Fot-609
_uhttps://archivoybiblioteca.realacademiabellasartessanfernando.com/cgi-bin/koha/opac-retrieve-file.pl?id=4e10d944a09a6a311aa05b00d4064c72
942 _2ddc
_cFOTOGRAFÍA
_n0
999 _c84583
_d84583